• 首页
  • 本馆介绍
  • 公告通知
  • 最新文献
  • 馆藏检索
  • 电子资源
  • 读者导购
  • 参考咨询
  • 我的图书馆
  • 登录
  • 详细信息显示
  • 放入我的书架
  • 预约/预借图书
  • 作者相关作品
  • 分类相关作品
  • 丛书相关作品
  • 出版社相关作品

书目信息

  • 表格格式
  • 工作单格式
  • 卡片格式
题名:
现代英国
    
 
作者: 马里欧特, 著 ;姚曾廙 译
分册: 下册  
出版信息: 北京   商务印书馆  1973
页数: 589-1014页
开本: 21cm
丛书名:
单 册:
中图分类: K561.45
科图分类:
主题词:
电子资源:
ISBN: 11017.144
000 00712nam0 2200241 450
001 0173001495
005 20100713171615.0
010    @a11017.144@dCNY3.10
091    @a11017.144@dCNY3.10
100    @a20080604d1973 em y0chiy0121 ea
101 1  @achi@ceng
102    @aCN@b110000
105    @ab z 000yy
106    @ar
200 1  @a现代英国@9Xian Dai Ying Guo @e1885-1945@f(英 )约·阿·兰·马里欧特著@g姚曾廙译@h下册
210    @a北京@c商务印书馆@d1973
215    @a589-1014页@c地图@d21cm
607    @a英国@x现代史
690    @aK561.45@v4
701  1 @a马里欧特,@9ma li ou te@b约·阿·兰@4著
702  0 @a姚曾廙@9yao zeng yi@4译
801  0 @aCN@bAzMarc@c20130904
905    @aBZT@dK561@e1:2@f1@sK561/1:2
    
    现代英国:1885-1945/(英 )约·阿·兰·马里欧特著/姚曾廙译.下册.-北京:商务印书馆,1973
    589-1014页:地图;21cm
    
    
    ISBN 11017.144:CNY3.10
    
●
相关链接 在五车中查询图书 在当当中查询图书 在豆瓣中查询图书


正题名:现代英国     索取号:K561/1:2         预约/预借

序号 登录号 条形码 馆藏地/架位号 状态 备注
1 2000093196   2000093196   旧书回溯/ [索取号:K561/1:2] 在馆    
山东省滨州职业学院图书馆 欢迎您!
大连网信软件有限公司© 版权所有